[Event "Latvian Railway Open 2014"]
[Site "Riga LAT"]
[Date "2014.03.29"]
[Round "6.4"]
[White "Navara, David"]
[Black "Kulaots, Kaido"]
[Result "0-1"]
[WhiteElo "2700"]
[BlackElo "2560"]
[PlyCount "78"]
[EventDate "2014.03.28"]
[SourceDate "2014.01.04"]

1. d4 Nf6 2. c4 e6 3. Nf3 d5 4. Nc3 dxc4 5. e4 Bb4 6. Bg5 c5 7. Bxc4 cxd4 8.
Nxd4 Qa5 9. Bd2 Qc5 10. Bb5+ Bd7 11. Nb3 Qe7 12. Bd3 Nc6 13. O-O O-O 14. a3 Bd6
15. Kh1 Ne5 16. Be2 Ng6 17. f4 e5 18. f5 Nf4 19. Bf3 Bc6 20. Na5 Bc5 21. Nxc6
bxc6 22. Na4 Rfd8 23. Nxc5 Qxc5 24. b4 Qb6 25. Qc2 Nd3 26. Bc3 c5 27. Be2 cxb4
28. axb4 Nf2+ 29. Rxf2 Qxf2 30. Bxe5 Rac8 31. Qb2 Nxe4 32. Rf1 Rd2 33. Rxf2
Rxb2 34. Bxb2 Nxf2+ 35. Kg1 Rc2 36. Bd4 Rxe2 37. Bxf2 a6 38. g3 f6 39. Kg2 Re5
0-1

[Event "Latvian Railway Open 2014"]
[Site "Riga LAT"]
[Date "2014.03.29"]
[Round "6.5"]
[White "Ulibin, Mikhail"]
[Black "Alekseev, Evgeny"]
[Result "1/2-1/2"]
[WhiteElo "2491"]
[BlackElo "2692"]
[PlyCount "102"]
[EventDate "2014.03.28"]
[SourceDate "2014.01.04"]

1. e4 c5 2. Nf3 e6 3. c3 d5 4. exd5 Qxd5 5. d4 Nf6 6. Bd3 Be7 7. O-O O-O 8. Re1
Nc6 9. Na3 Qd8 10. dxc5 Bxc5 11. b4 Be7 12. Nc4 Qc7 13. Qc2 g6 14. b5 Nb8 15.
Bh6 Re8 16. Nce5 Bf8 17. Bxf8 Rxf8 18. c4 Nbd7 19. Qb2 b6 20. Re3 Bb7 21. Nxd7
Nxd7 22. Ng5 e5 23. Be4 Bxe4 24. Nxe4 f5 25. Nc3 Qxc4 26. Rd1 Rf7 27. Nd5 Re8
28. h3 f4 29. Rc3 Qa4 30. Rd2 Qe4 31. Rc7 Ref8 32. Rxd7 Rxd7 33. Nf6+ Rxf6 34.
Rxd7 Rf7 35. Qb3 Qf5 36. Rxa7 Kg7 37. Ra6 Qe4 38. Qd1 Rb7 39. Ra4 Qf5 40. Rc4
Kh6 41. a4 Rd7 42. Qc2 Qxc2 43. Rxc2 Rd4 44. Rc6 Rxa4 45. Rxb6 Rb4 46. f3 Kg5
47. Rb7 h5 48. b6 Kh4 49. Kh2 Rb2 50. Re7 Rxb6 51. Rxe5 Rb4 1/2-1/2

[Event "Latvian Railway Open 2014"]
[Site "Riga LAT"]
[Date "2014.03.29"]
[Round "7.1"]
[White "Van Wely, Loek"]
[Black "Ivanchuk, Vassily"]
[Result "0-1"]
[WhiteElo "2684"]
[BlackElo "2753"]
[PlyCount "73"]
[EventDate "2014.03.28"]
[SourceDate "2014.01.04"]

1. d4 Nf6 2. c4 e6 3. Nf3 b6 4. g3 Bb7 5. Bg2 Be7 6. O-O O-O 7. Re1 Qc8 8. Bg5
h6 9. Bxf6 Bxf6 10. e4 d6 11. Nc3 Nd7 12. Qd2 Be7 13. Rad1 a5 14. b3 Re8 15. h4
Nf6 16. Bh3 Qd8 17. d5 e5 18. Kg2 Bf8 19. Rc1 g6 20. Rc2 h5 21. a3 Ng4 22. Nh2
Bh6 23. Qd3 Nf6 24. Nb5 Ba6 25. b4 axb4 26. axb4 Bxb5 27. cxb5 Ra7 28. Ree2 Qe7
29. Ra2 Rea8 30. Ra6 Qd8 31. Rea2 Qb8 32. Kf3 Kg7 33. Qc2 g5 34. hxg5 Bxg5 35.
Qc6 h4 36. Bf5 hxg3 37. Kg2 0-1

[Event "Latvian Railway Open 2014"]
[Site "Riga LAT"]
[Date "2014.03.29"]
[Round "7.2"]
[White "Kulaots, Kaido"]
[Black "Malakhov, Vladimir"]
[Result "1/2-1/2"]
[WhiteElo "2560"]
[BlackElo "2717"]
[PlyCount "136"]
[EventDate "2014.03.28"]
[SourceDate "2014.01.04"]

1. e4 g6 2. d4 Bg7 3. Nf3 d6 4. c3 Nf6 5. Bd3 O-O 6. O-O c6 7. Re1 Qc7 8. Nbd2
e5 9. Nc4 Nh5 10. a4 h6 11. Be3 Nd7 12. Bc2 b5 13. axb5 cxb5 14. Na5 Nb6 15. h3
Be6 16. Qd2 Kh7 17. Bd3 Nc4 18. Nxc4 bxc4 19. Bc2 Rfb8 20. Ra2 Rb7 21. Qe2 Rab8
22. Rb1 Nf6 23. Nd2 exd4 24. Bxd4 Nd7 25. Qe3 Bxd4 26. Qxd4 Qc5 27. Nf3 Qxd4
28. Nxd4 Nc5 29. Rba1 a6 30. Nc6 Rc8 31. Nb4 Rb6 32. f3 Kg7 33. Kf2 Rcb8 34.
Ke3 Rxb4 35. cxb4 Rxb4 36. Kd2 Rb6 37. Kc3 g5 38. Ra5 Kf6 39. Re1 Ke5 40. h4
Kf4 41. hxg5 hxg5 42. e5 Nb7 43. Ra4 d5 44. Re2 Nc5 45. Ra1 Nb3 46. Bxb3 Rxb3+
47. Kd4 Rd3+ 48. Kc5 d4 49. Rxa6 Kg3 50. Rd6 Re3 51. Rd2 d3 52. Rxe6 fxe6 53.
Kxc4 Rxe5 54. b4 g4 55. fxg4 Re4+ 56. Kc5 Rxg4 57. b5 e5 58. Rxd3+ Kf2 59. b6
e4 60. Rd2+ Kf1 61. b7 Rg8 62. Rb2 e3 63. g4 e2 64. Rb1+ e1=Q 65. Rxe1+ Kxe1
66. Kd6 Rg6+ 67. Kc7 Rg7+ 68. Kb6 Rxg4 1/2-1/2

[Event "Latvian Railway Open 2014"]
[Site "Riga LAT"]
[Date "2014.03.29"]
[Round "7.3"]
[White "Fridman, Daniel"]
[Black "Kantans, Toms"]
[Result "1-0"]
[WhiteElo "2604"]
[BlackElo "2443"]
[PlyCount "81"]
[EventDate "2014.03.28"]
[SourceDate "2014.01.04"]

1. d4 Nf6 2. c4 g6 3. Nc3 d5 4. Nf3 Bg7 5. h4 c5 6. dxc5 Qa5 7. cxd5 Nxd5 8.
Qxd5 Bxc3+ 9. Bd2 Bxd2+ 10. Qxd2 Qxd2+ 11. Nxd2 Be6 12. e3 O-O 13. Bc4 Bxc4 14.
Nxc4 Na6 15. c6 b6 16. Rc1 Rac8 17. Ne5 Rc7 18. h5 f6 19. Nd3 Rfc8 20. hxg6
hxg6 21. b4 b5 22. a4 Rb8 23. axb5 Rxb5 24. Rh4 Rb6 25. Ke2 Nb8 26. Rch1 g5 27.
Rh8+ Kf7 28. f4 Ke6 29. e4 Kd6 30. fxg5 fxg5 31. R1h6+ e6 32. Re8 Rcxc6 33.
Rexe6+ Kc7 34. Rh7+ Kd8 35. Re5 Rc7 36. Rh8+ Kd7 37. Nc5+ Kc6 38. Re6+ Kb5 39.
Rxb6+ axb6 40. Rxb8 Rc6 41. Nd7 1-0

[Event "Latvian Railway Open 2014"]
[Site "Riga LAT"]
[Date "2014.03.29"]
[Round "7.4"]
[White "Shirov, Alexei"]
[Black "Fedorov, Alexei"]
[Result "1/2-1/2"]
[WhiteElo "2713"]
[BlackElo "2569"]
[PlyCount "118"]
[EventDate "2014.03.28"]
[SourceDate "2014.01.04"]

1. e4 c5 2. Nf3 e6 3. d4 cxd4 4. Nxd4 a6 5. c4 Nf6 6. Nc3 Qc7 7. Be2 Bb4 8. O-O
Bxc3 9. bxc3 Nxe4 10. Bf3 Nc5 11. Nb3 O-O 12. Qd4 d6 13. Rd1 Nbd7 14. Qxd6 Qxd6
15. Rxd6 Na4 16. c5 Ne5 17. Bh5 g6 18. Bd1 Nc4 19. Rd4 b5 20. cxb6 Naxb6 21.
Bf3 Ra7 22. Bh6 e5 23. Rdd1 Re8 24. Nc5 Bf5 25. Bc6 Rc8 26. Bb7 Rb8 27. Bxa6
Bc2 28. Re1 Rba8 29. Bb7 Rb8 30. a4 Raxb7 31. Nxb7 Rxb7 32. a5 Nc8 33. a6 Ra7
34. Re2 Bd3 35. Rea2 f6 36. f3 Kf7 37. Rd1 e4 38. fxe4 Ne5 39. Ra5 Rxa6 40.
Rxe5 fxe5 41. Rxd3 Ke6 42. Bf8 Ra4 43. Bb4 Ra2 44. Rd8 Na7 45. Rd6+ Kf7 46.
Rd7+ Ke6 47. Re7+ Kf6 48. Rxh7 Nc6 49. Rc7 Nxb4 50. cxb4 Rb2 51. Rb7 Re2 52. b5
Rxe4 53. b6 Rb4 54. Rb8 Rb2 55. h4 e4 56. g4 e3 57. Kf1 Kg7 58. Ke1 Kh7 59. Kd1
Kg7 1/2-1/2

[Event "Latvian Railway Open 2014"]
[Site "Riga LAT"]
[Date "2014.03.29"]
[Round "7.5"]
[White "Lysyj, Igor"]
[Black "Miezis, Normunds"]
[Result "1-0"]
[WhiteElo "2655"]
[BlackElo "2548"]
[PlyCount "101"]
[EventDate "2014.03.28"]
[SourceDate "2014.01.04"]

1. d4 Nf6 2. c4 c5 3. d5 e6 4. Nc3 exd5 5. cxd5 Bd6 6. Nf3 Bc7 7. e4 d6 8. h3
O-O 9. Bd3 Re8 10. O-O a6 11. a4 Nbd7 12. Bf4 Nf8 13. Re1 Ng6 14. Bh2 Rb8 15.
Nd2 Ne5 16. Bf1 Bd7 17. f4 Ng6 18. Nf3 b5 19. f5 Ne5 20. Nxe5 dxe5 21. axb5
axb5 22. Kh1 c4 23. Nb1 Ba5 24. Nd2 Ra8 25. Rc1 Bb4 26. Re2 h6 27. Nf3 Bd6 28.
Re1 Ra4 29. Qc2 Qa5 30. Rb1 Qb4 31. Bg3 Qb3 32. Qc1 Nh5 33. Bh2 f6 34. Be2 Qb4
35. Nxe5 Bxe5 36. Bxh5 Re7 37. Bxe5 Rxe5 38. b3 cxb3 39. Qc7 Bxf5 40. Qb8+ Kh7
41. exf5 Rxe1+ 42. Kh2 g5 43. Rxe1 Qf4+ 44. Qxf4 gxf4 45. Rb1 Rd4 46. Rxb3 Rxd5
47. Bf3 Re5 48. Rb4 h5 49. Rxf4 Kh6 50. Rb4 Rxf5 51. Be2 1-0

[Event "Latvian Railway Open 2014"]
[Site "Riga LAT"]
[Date "2014.03.29"]
[Round "8.1"]
[White "Ivanchuk, Vassily"]
[Black "Alekseev, Evgeny"]
[Result "1-0"]
[WhiteElo "2753"]
[BlackElo "2692"]
[PlyCount "72"]
[EventDate "2014.03.28"]
[SourceDate "2014.01.04"]

1. Nf3 d5 2. d4 Nf6 3. c4 e6 4. Nc3 Bb4 5. Qa4+ Nc6 6. e3 O-O 7. Qc2 Bd6 8. c5
Be7 9. Bb5 Bd7 10. a3 a6 11. Bd3 a5 12. Rb1 b6 13. b4 axb4 14. axb4 bxc5 15.
bxc5 Rb8 16. Bb5 Na5 17. Be2 Rxb1 18. Nxb1 Qb8 19. Ne5 Bb5 20. Nc3 Bxe2 21.
Kxe2 Qe8 22. f4 Nd7 23. Nf3 Nc4 24. Re1 f5 25. Kf1 Nf6 26. Kg1 Ne4 27. Nxe4
fxe4 28. Nd2 Nxd2 29. Bxd2 g5 30. g3 Qg6 31. Kh1 Qh5 32. Ba5 c6 33. Bc7 Ra8 34.
Qe2 Qf3+ 35. Qxf3 exf3 36. g4 Ra2 1-0

[Event "Latvian Railway Open 2014"]
[Site "Riga LAT"]
[Date "2014.03.29"]
[Round "8.2"]
[White "Malakhov, Vladimir"]
[Black "Fridman, Daniel"]
[Result "1/2-1/2"]
[WhiteElo "2717"]
[BlackElo "2604"]
[PlyCount "131"]
[EventDate "2014.03.28"]
[SourceDate "2014.01.04"]

1. e4 e6 2. d4 d5 3. Nd2 c5 4. Ngf3 cxd4 5. Nxd4 Nf6 6. exd5 Qxd5 7. Nb5 Na6 8.
a3 Bd7 9. Nc3 Qd6 10. Bc4 Be7 11. O-O O-O 12. Qe2 Nc5 13. Nf3 Qc7 14. Bg5 Rfd8
15. Rad1 Be8 16. Nd4 h6 17. Bh4 Nfe4 18. Ncb5 Qd7 19. Nf3 Nd6 20. Ne5 Qxb5 21.
Bxb5 Bxb5 22. c4 Bxh4 23. cxb5 Bf6 24. f3 Nf5 25. f4 Nd6 26. Rd2 Nb3 27. Rd3
Nc5 28. Rc3 Na4 29. Rc2 Nb6 30. Rd1 Nd5 31. g3 Bxe5 32. fxe5 Nf5 33. Rd3 Rd7
34. a4 Rad8 35. Qe4 Nfe7 36. a5 Nf5 37. b6 axb6 38. axb6 Nfe7 39. b4 Nc8 40.
Rc7 Ncxb6 41. Rxd7 Rxd7 42. Ra3 g6 43. h4 Kg7 44. Kh2 Rc7 45. Kh3 Rc4 46. Qf3
Rxb4 47. Rd3 Rc4 48. Rb3 Rc7 49. Rb5 Rc3 50. Qxc3 Nxc3 51. Rxb6 Nd5 52. Rxb7 h5
53. Kg2 Ne3+ 54. Kf3 Ng4 55. Kf4 Nh6 56. Rb3 Ng4 57. Ke4 Nf2+ 58. Kd4 Ng4 59.
Rb2 Kh6 60. Re2 Kg7 61. Kc5 Nh6 62. Kc6 Ng4 63. Kd7 Nh6 64. Ke8 Ng4 65. Re4 Kg8
66. Re2 1/2-1/2

[Event "Latvian Railway Open 2014"]
[Site "Riga LAT"]
[Date "2014.03.29"]
[Round "8.3"]
[White "Oparin, Grigoriy"]
[Black "Van Wely, Loek"]
[Result "1/2-1/2"]
[WhiteElo "2526"]
[BlackElo "2684"]
[PlyCount "59"]
[EventDate "2014.03.28"]
[SourceDate "2014.01.04"]

1. e4 c5 2. Nf3 e6 3. d4 cxd4 4. Nxd4 a6 5. Nc3 Qc7 6. Be2 Nf6 7. O-O d6 8. f4
Be7 9. Kh1 O-O 10. Qe1 Nc6 11. Be3 Nxd4 12. Bxd4 b5 13. a3 Nd7 14. Rd1 Bb7 15.
Rd3 e5 16. fxe5 dxe5 17. Qg3 Bc5 18. Bg4 Bxd4 19. Rxd4 Nb6 20. Rfd1 Bc6 21. b3
a5 22. Bf5 g6 23. Rd6 Rae8 24. Qg5 f6 25. Rxf6 Rxf6 26. Qxf6 gxf5 27. Rd6 Ba8
28. Rxb6 Qxc3 29. Qg5+ Kh8 30. Qf6+ 1/2-1/2

[Event "Latvian Railway Open 2014"]
[Site "Riga LAT"]
[Date "2014.03.29"]
[Round "8.4"]
[White "Kulaots, Kaido"]
[Black "Lysyj, Igor"]
[Result "1/2-1/2"]
[WhiteElo "2560"]
[BlackElo "2655"]
[PlyCount "50"]
[EventDate "2014.03.28"]
[SourceDate "2014.01.04"]

1. e4 e5 2. Nf3 Nc6 3. Bb5 Nf6 4. d3 Bc5 5. c3 O-O 6. O-O d6 7. Re1 a6 8. Ba4
Ba7 9. h3 Ne7 10. Nbd2 Ng6 11. Nf1 c6 12. Ng3 d5 13. exd5 Nxd5 14. d4 exd4 15.
Nxd4 Ndf4 16. Qf3 Qf6 17. Ne4 Qe5 18. Bd2 Qc7 19. Bc2 Bb8 20. Ng3 Nh4 21. Qxf4
Qxf4 22. Bxf4 Bxf4 23. Rad1 Ng6 24. Ngf5 Bxf5 25. Nxf5 Rfd8 1/2-1/2

[Event "Latvian Railway Open 2014"]
[Site "Riga LAT"]
[Date "2014.03.29"]
[Round "8.5"]
[White "Kovalev, Vladislav"]
[Black "Shirov, Alexei"]
[Result "0-1"]
[WhiteElo "2548"]
[BlackElo "2713"]
[PlyCount "70"]
[EventDate "2014.03.28"]
[SourceDate "2014.01.04"]

1. e4 c5 2. Nf3 Nc6 3. Nc3 g6 4. d4 cxd4 5. Nxd4 Bg7 6. Be3 Nf6 7. Bc4 O-O 8.
Bb3 d6 9. f3 Bd7 10. Qd2 Nxd4 11. Bxd4 b5 12. h4 a5 13. h5 a4 14. Bd5 b4 15.
hxg6 hxg6 16. Ne2 e5 17. Be3 Nxd5 18. exd5 Re8 19. Bh6 Bf6 20. Ng3 e4 21. O-O
a3 22. Nxe4 Rxe4 23. fxe4 axb2 24. Rab1 Bc3 25. Qf4 Qe8 26. Bg5 Bb5 27. Rf3
Rxa2 28. Rxc3 bxc3 29. Bf6 Ra1 30. Qh4 Rxb1+ 31. Kh2 Qe5+ 32. Bxe5 dxe5 33.
Qd8+ Kg7 34. Qc7 Rf1 35. Qxe5+ Kh7 0-1

[Event "Latvian Railway Open 2014"]
[Site "Riga LAT"]
[Date "2014.03.29"]
[Round "9.1"]
[White "Zhigalko, Sergei"]
[Black "Ivanchuk, Vassily"]
[Result "0-1"]
[WhiteElo "2671"]
[BlackElo "2753"]
[PlyCount "90"]
[EventDate "2014.03.28"]
[SourceDate "2014.01.04"]

1. e4 e5 2. Nf3 Nc6 3. Bb5 a6 4. Ba4 Nf6 5. O-O Be7 6. Re1 b5 7. Bb3 d6 8. c3
O-O 9. h3 Nb8 10. d4 Nbd7 11. c4 c6 12. a3 bxc4 13. Bxc4 Nxe4 14. dxe5 d5 15.
Bd3 Ndc5 16. Bc2 f5 17. Nd4 Qb6 18. b4 Ne6 19. Bb2 a5 20. Re2 axb4 21. axb4
Rxa1 22. Bxa1 Bxb4 23. Nxe6 Bxe6 24. Bxe4 fxe4 25. Nc3 Bc5 26. Qe1 Qb3 27. Nd1
Ra8 28. Bb2 Ra2 29. Qd2 Qd3 30. Nc3 Qxd2 31. Rxd2 e3 32. fxe3 Bxe3+ 33. Kf1 Ra8
34. Rd1 d4 35. Ne4 Bc4+ 36. Ke1 Rf8 37. Nf6+ gxf6 38. Bxd4 Bxd4 39. Rxd4 Bd5
40. Rg4+ Kf7 41. exf6 Rg8 42. Rxg8 Kxg8 43. g4 Kf7 44. g5 Kg6 45. h4 Kh5 0-1

[Event "Latvian Railway Open 2014"]
[Site "Riga LAT"]
[Date "2014.03.29"]
[Round "9.2"]
[White "Fridman, Daniel"]
[Black "Kovalenko, Igor"]
[Result "1/2-1/2"]
[WhiteElo "2604"]
[BlackElo "2626"]
[PlyCount "97"]
[EventDate "2014.03.28"]
[SourceDate "2014.01.04"]

1. d4 e6 2. c4 b6 3. Nf3 Nf6 4. g3 Ba6 5. Qa4 Be7 6. Bg2 O-O 7. O-O c6 8. Nc3
d5 9. Ne5 Qe8 10. cxd5 cxd5 11. Qxe8 Rxe8 12. Re1 Nbd7 13. Nxd7 Nxd7 14. Bd2
Rac8 15. Rac1 Kf8 16. e3 f5 17. Bf1 Bxf1 18. Kxf1 a6 19. Ne2 g5 20. Rxc8 Rxc8
21. Rc1 Rxc1+ 22. Nxc1 g4 23. Nd3 a5 24. Kg2 Bd6 25. h3 h5 26. a4 Nf6 27. hxg4
hxg4 28. Be1 Ke8 29. f3 Kd7 30. b3 Kc6 31. Kf2 Kb7 32. b4 Nh5 33. fxg4 fxg4 34.
bxa5 Bxg3+ 35. Kf1 Bxe1 36. Kxe1 bxa5 37. Nc5+ Kc6 38. Nxe6 Ng3 39. Nc5 Nf5 40.
Nb3 Nxe3 41. Nxa5+ Kd6 42. Kf2 Nf5 43. Nb3 Ke7 44. a5 Kd6 45. a6 Kc6 46. a7 Kb7
47. Na5+ Kxa7 48. Nc6+ Kb6 49. Nb4 1/2-1/2

[Event "Latvian Railway Open 2014"]
[Site "Riga LAT"]
[Date "2014.03.29"]
[Round "9.3"]
[White "Van Wely, Loek"]
[Black "Malakhov, Vladimir"]
[Result "1/2-1/2"]
[WhiteElo "2684"]
[BlackElo "2717"]
[PlyCount "64"]
[EventDate "2014.03.28"]
[SourceDate "2014.01.04"]

1. d4 d5 2. c4 c6 3. Nf3 Nf6 4. Qb3 e6 5. g3 Nbd7 6. Bg2 Be7 7. O-O O-O 8. Bf4
Nh5 9. Be3 Nhf6 10. Nc3 Nb6 11. cxd5 exd5 12. Ne5 Ng4 13. Bf4 Nxe5 14. Bxe5 Be6
15. Bf4 Bd6 16. Bxd6 Qxd6 17. a4 Nc4 18. Qc2 Qd7 19. a5 Bf5 20. Qc1 a6 21. Na4
Qe7 22. Qe1 Rae8 23. b3 Nd6 24. Qb4 Nb5 25. Qxe7 Rxe7 26. e3 Be4 27. Nc5 Bxg2
28. Kxg2 Nd6 29. h4 Ne4 30. Nd3 h5 31. Ra2 g6 32. Rc2 Kg7 1/2-1/2

[Event "Latvian Railway Open 2014"]
[Site "Riga LAT"]
[Date "2014.03.29"]
[Round "9.4"]
[White "Shirov, Alexei"]
[Black "Oparin, Grigoriy"]
[Result "1/2-1/2"]
[WhiteElo "2713"]
[BlackElo "2526"]
[PlyCount "68"]
[EventDate "2014.03.28"]
[SourceDate "2014.01.04"]

1. d4 d5 2. c4 e6 3. Nf3 Nf6 4. Nc3 Be7 5. Bf4 O-O 6. e3 Nbd7 7. Be2 dxc4 8.
O-O Nb6 9. Ne5 Nfd5 10. Bg3 Bd7 11. Ne4 Bd6 12. Nxc4 Nxc4 13. Bxc4 Bxg3 14.
hxg3 Qe7 15. Nc5 Bc6 16. Rc1 Rad8 17. Qh5 Nf6 18. Qe5 Qd6 19. Nd3 Be4 20. Qa5
b6 21. Qa6 Bxd3 22. Bxd3 c5 23. Rfd1 cxd4 24. exd4 Rd7 25. Qb5 Rfd8 26. Be2 Nd5
27. Bf3 Ne7 28. Be4 g6 29. a3 Kg7 30. Qg5 h6 31. Qe3 Nd5 32. Qe2 Ne7 33. Qe3
Nd5 34. Qe2 Ne7 1/2-1/2

[Event "Latvian Railway Open 2014"]
[Site "Riga LAT"]
[Date "2014.03.29"]
[Round "9.5"]
[White "Lysyj, Igor"]
[Black "Fedorov, Alexei"]
[Result "1/2-1/2"]
[WhiteElo "2655"]
[BlackElo "2569"]
[PlyCount "103"]
[EventDate "2014.03.28"]
[SourceDate "2014.01.04"]

1. d4 Nf6 2. c4 g6 3. Nc3 Bg7 4. e4 d6 5. Nf3 O-O 6. Be2 c5 7. O-O Nc6 8. d5
Na5 9. h3 e5 10. a3 b6 11. Nd2 Nd7 12. b4 Nb7 13. Nb3 f5 14. Bd2 Nf6 15. bxc5
bxc5 16. exf5 gxf5 17. a4 Qe7 18. a5 Kh8 19. Qc2 f4 20. Rfe1 Rg8 21. Bf3 Bh6
22. Kf1 Qg7 23. Bc1 Nd8 24. Nd2 Nf7 25. Nde4 Bf5 26. h4 Rab8 27. Ba3 Rb4 28.
Bxb4 cxb4 29. Nb5 b3 30. Qxb3 Nxe4 31. Rxe4 Qf6 32. Ke2 Qxh4 33. Qd3 a6 34. Nc3
Qh2 35. Rf1 Rxg2 36. Bxg2 Qxg2 37. Ke1 f3 38. c5 Bg5 39. c6 Bd8 40. Qxa6 Bh3
41. Kd2 Qxf1 42. Qxf1 Bxf1 43. Ra4 Ba6 44. Ke3 Ng5 45. Ne4 Nxe4 46. Kxe4 Kg7
47. Rb4 Bc7 48. Kxf3 Kf7 49. Rh4 Kg6 50. Rg4+ Kf7 51. Rh4 Kg6 52. Rh1 1/2-1/2

[Event "Latvian Railway Open 2014"]
[Site "Riga LAT"]
[Date "2014.03.30"]
[Round "10.1"]
[White "Ivanchuk, Vassily"]
[Black "Lysyj, Igor"]
[Result "1/2-1/2"]
[WhiteElo "2753"]
[BlackElo "2655"]
[PlyCount "90"]
[EventDate "2014.03.28"]
[SourceDate "2014.01.04"]

1. d4 Nf6 2. c4 e6 3. g3 d5 4. Bg2 Be7 5. Nf3 O-O 6. Qc2 c5 7. O-O cxd4 8. Nxd4
Qb6 9. Rd1 Nc6 10. Nxc6 Qxc6 11. Na3 Bxa3 12. bxa3 Qxc4 13. Qxc4 dxc4 14. a4
Nd5 15. Ba3 Re8 16. Rac1 Bd7 17. e4 Nf6 18. Rxc4 Bc6 19. f3 Red8 20. Rcd4 Rxd4
21. Rxd4 e5 22. Rc4 Rd8 23. Bc1 Rd1+ 24. Kf2 Ne8 25. a5 a6 26. Rc2 f6 27. Bf1
Nc7 28. Be2 Rd7 29. Be3 Kf8 30. Rd2 Rxd2 31. Bxd2 Bb5 32. Bd1 Bc4 33. a4 Ne6
34. f4 Kf7 35. Ke3 Nd4 36. Bc3 Nc6 37. h4 Ke7 38. g4 h6 39. g5 hxg5 40. hxg5
fxg5 41. fxe5 Be6 42. Bh5 Bb3 43. Bg4 Be6 44. Bh5 Bf7 45. Bg4 Be6 1/2-1/2

[Event "Latvian Railway Open 2014"]
[Site "Riga LAT"]
[Date "2014.03.30"]
[Round "10.2"]
[White "Azarov, Sergei"]
[Black "Fridman, Daniel"]
[Result "0-1"]
[WhiteElo "2603"]
[BlackElo "2604"]
[PlyCount "102"]
[EventDate "2014.03.28"]
[SourceDate "2014.01.04"]

1. e4 e6 2. d4 d5 3. Nd2 c5 4. Ngf3 cxd4 5. exd5 Qxd5 6. Bc4 Qd6 7. O-O Nf6 8.
Nb3 Nc6 9. Nbxd4 Nxd4 10. Nxd4 a6 11. Re1 Qc7 12. Qe2 Bc5 13. c3 b5 14. Bd3 O-O
15. Bg5 Nd5 16. Qh5 g6 17. Qh4 Be7 18. Bxe7 Qxe7 19. Qxe7 Nxe7 20. a4 b4 21.
cxb4 Rd8 22. Be4 Rb8 23. Nc2 Bb7 24. Kf1 Bd5 25. b5 axb5 26. a5 b4 27. a6 b3
28. Bxd5 Nxd5 29. Nd4 Rb6 30. a7 Ra8 31. Ra5 Nb4 32. Rb5 Nd5 33. Rxb6 Nxb6 34.
Ra1 Kf8 35. Nb5 Nc8 36. Ra3 g5 37. g4 Kg7 38. Ke2 Kf6 39. Kd3 Ke5 40. Kc3 Kf4
41. h3 Kf3 42. Kxb3 Kxf2 43. Kc4 f5 44. gxf5 exf5 45. Kc5 f4 46. b4 Kg2 47. Kc6
Nxa7+ 48. Nxa7 f3 49. Ra5 h6 50. Kb7 Rf8 51. b5 f2 0-1

[Event "Latvian Railway Open 2014"]
[Site "Riga LAT"]
[Date "2014.03.30"]
[Round "10.3"]
[White "Malakhov, Vladimir"]
[Black "Shimanov, Aleksandr"]
[Result "1-0"]
[WhiteElo "2717"]
[BlackElo "2649"]
[PlyCount "115"]
[EventDate "2014.03.28"]
[SourceDate "2014.01.04"]

1. c4 e6 2. Nf3 d5 3. g3 Nf6 4. Bg2 Be7 5. O-O O-O 6. b3 b6 7. Bb2 Bb7 8. e3 c5
9. Nc3 Nbd7 10. Qe2 dxc4 11. bxc4 Ne4 12. Nxe4 Bxe4 13. a4 Bf6 14. Bxf6 Nxf6
15. Ra3 Qc7 16. a5 Rfd8 17. d3 Bc6 18. Rb1 h6 19. Ne1 Bxg2 20. Kxg2 Nd7 21. f4
e5 22. Qf3 Rab8 23. axb6 axb6 24. Rba1 Nf6 25. Ra7 Qd6 26. fxe5 Qxe5 27. Qf4
Qe6 28. Nf3 Re8 29. e4 Rbd8 30. R1a3 Rd7 31. Rxd7 Qxd7 32. Rb3 Qc6 33. g4 Nd7
34. Qf5 Nf8 35. Ra3 Qc7 36. h4 Ne6 37. e5 Nd4 38. Nxd4 cxd4 39. Qe4 Qe7 40. Ra8
Rd8 41. Rxd8+ Qxd8 42. h5 Qg5 43. e6 Qd2+ 44. Kh3 fxe6 45. Qxe6+ Kh8 46. Qe8+
Kh7 47. Qe4+ Kh8 48. Qxd4 Qe2 49. Kg3 Qd2 50. Qe4 Qc3 51. Kf4 Qf6+ 52. Qf5 Qd4+
53. Kf3 Qb2 54. Ke4 Qg2+ 55. Ke5 Qb2+ 56. Ke6 Qd4 57. Ke7 Qe3+ 58. Kf7 1-0

[Event "Latvian Railway Open 2014"]
[Site "Riga LAT"]
[Date "2014.03.30"]
[Round "10.4"]
[White "Kulaots, Kaido"]
[Black "Shirov, Alexei"]
[Result "0-1"]
[WhiteElo "2560"]
[BlackElo "2713"]
[PlyCount "62"]
[EventDate "2014.03.28"]
[SourceDate "2014.01.04"]

1. e4 c5 2. Nf3 Nc6 3. Nc3 g6 4. d4 cxd4 5. Nxd4 Bg7 6. Be3 Nf6 7. Bc4 O-O 8.
Bb3 d6 9. f3 Bd7 10. h4 h5 11. Qd2 Ne5 12. Bh6 b5 13. Nd5 Bxh6 14. Qxh6 e6 15.
Nxf6+ Qxf6 16. O-O-O a5 17. a3 a4 18. Ba2 b4 19. axb4 a3 20. Qg5 Qg7 21. c3
Rfc8 22. Qe7 Ba4 23. Rd2 Nc6 24. Nxe6 Nxe7 25. Nxg7 Kxg7 26. Rxd6 Bb5 27. Rhd1
Nc6 28. Kb1 axb2 29. Kxb2 Ne5 30. Rb6 Bc4 31. Bb1 Be2 0-1

[Event "Latvian Railway Open 2014"]
[Site "Riga LAT"]
[Date "2014.03.30"]
[Round "10.5"]
[White "Fedorov, Alexei"]
[Black "Van Wely, Loek"]
[Result "1-0"]
[WhiteElo "2569"]
[BlackElo "2684"]
[PlyCount "99"]
[EventDate "2014.03.28"]
[SourceDate "2014.01.04"]

1. e4 c5 2. d3 Nc6 3. g3 g6 4. Bg2 Bg7 5. f4 d6 6. Nf3 Nf6 7. O-O O-O 8. Nc3
Rb8 9. a4 a6 10. h3 b5 11. axb5 axb5 12. Be3 b4 13. Ne2 Bb7 14. b3 Ra8 15. Rc1
Ra2 16. g4 Nd7 17. Qe1 e6 18. f5 Nde5 19. Nf4 Nxf3+ 20. Rxf3 Nd4 21. Rf2 exf5
22. gxf5 Re8 23. Qf1 d5 24. f6 Bf8 25. Bxd4 cxd4 26. exd5 Re3 27. c4 Ra5 28.
Be4 Bd6 29. Qg2 Qxf6 30. Nxg6 Qg7 31. Nh4 Rg3 32. Nf5 Qg5 33. Rcf1 Rxg2+ 34.
Rxg2 Qxg2+ 35. Bxg2 Bf8 36. d6 Bc8 37. Bd5 Bxf5 38. Rxf5 Ra1+ 39. Kg2 Bxd6 40.
Rxf7 Kh8 41. Rd7 Bf8 42. Rc7 Rc1 43. Kf3 Rc3 44. Ke4 Rxb3 45. c5 Rc3 46. c6 Rc1
47. Bc4 Re1+ 48. Kd5 Re8 49. Rd7 Rc8 50. c7 1-0

[Event "Latvian Railway Open 2014"]
[Site "Riga LAT"]
[Date "2014.03.30"]
[Round "11.1"]
[White "Shirov, Alexei"]
[Black "Ivanchuk, Vassily"]
[Result "1/2-1/2"]
[WhiteElo "2713"]
[BlackElo "2753"]
[PlyCount "37"]
[EventDate "2014.03.28"]
[SourceDate "2014.01.04"]

1. e4 e5 2. Nf3 Nf6 3. Nxe5 d6 4. Nf3 Nxe4 5. Nc3 Nxc3 6. dxc3 Be7 7. Bf4 Nc6
8. Qd2 Be6 9. Ng5 Bf5 10. O-O-O Qd7 11. h3 h6 12. Nf3 O-O-O 13. Nd4 Nxd4 14.
Qxd4 c5 15. Qd5 Be6 16. Qf3 Qa4 17. a3 Qxf4+ 18. Qxf4 Bg5 19. Qd2 1/2-1/2

[Event "Latvian Railway Open 2014"]
[Site "Riga LAT"]
[Date "2014.03.30"]
[Round "11.2"]
[White "Fridman, Daniel"]
[Black "Fedorov, Alexei"]
[Result "1/2-1/2"]
[WhiteElo "2604"]
[BlackElo "2569"]
[PlyCount "56"]
[EventDate "2014.03.28"]
[SourceDate "2014.01.04"]

1. d4 Nf6 2. c4 g6 3. g3 c5 4. Nf3 Bg7 5. Bg2 O-O 6. O-O d6 7. Nc3 Nc6 8. dxc5
dxc5 9. Be3 Qa5 10. Qa4 Qxa4 11. Nxa4 b6 12. h3 Bd7 13. Rad1 Na5 14. Nc3 Nxc4
15. Bc1 Bc6 16. b3 Nd6 17. Bf4 Rfd8 18. Ne5 Bxg2 19. Kxg2 Rac8 20. g4 Nd7 21.
Nxd7 Bxc3 22. Ne5 f6 23. Nf3 Ne4 24. Rd3 Rxd3 25. exd3 Nd6 26. Rc1 Bb4 27. Bxd6
exd6 28. a3 Bxa3 1/2-1/2

[Event "Latvian Railway Open 2014"]
[Site "Riga LAT"]
[Date "2014.03.30"]
[Round "11.3"]
[White "Kovalenko, Igor"]
[Black "Malakhov, Vladimir"]
[Result "0-1"]
[WhiteElo "2626"]
[BlackElo "2717"]
[PlyCount "80"]
[EventDate "2014.03.28"]
[SourceDate "2014.01.04"]

1. d4 g6 2. c4 Bg7 3. Nf3 e6 4. g3 Ne7 5. Bg2 O-O 6. O-O d5 7. Nc3 Nbc6 8. e3
b6 9. cxd5 exd5 10. b3 Re8 11. Qd2 Bb7 12. Bb2 Nf5 13. Rfc1 Nce7 14. a4 a5 15.
Ba3 c6 16. Rab1 Nd6 17. Ne5 Nef5 18. Bb2 Rc8 19. Rc2 f6 20. Nd3 Bh6 21. Nf4
Bxf4 22. exf4 Rc7 23. Ba3 Rce7 24. Rd1 Re6 25. Rcc1 Kg7 26. Bh3 Ne4 27. Nxe4
Rxe4 28. Bxf5 gxf5 29. b4 Qe7 30. Qc3 axb4 31. Bxb4 c5 32. Ba3 Kg6 33. a5 bxa5
34. Bxc5 Qe6 35. Qxa5 Ba6 36. Ra1 Bc4 37. Rdb1 Re2 38. Qc3 Qe4 39. Rd1 Rb8 40.
Rab1 Rxb1 0-1